| 000 | 01369nam a2200325 i 4500 | ||
|---|---|---|---|
| 003 | EG-GICUC | ||
| 005 | 20260121101337.0 | ||
| 008 | 251123s1984 ua ||||fr|||| 001 0 ara d | ||
| 017 | _a83/5883 | ||
| 040 |
_a EG-GICUC _bara _c EG-GICUC _d EG-GICUC _erda |
||
| 041 | _aara | ||
| 082 | 0 | 4 |
_a343.4 _bح س . م _221 |
| 092 | 0 | 4 | _221 |
| 099 | _aLaw1 10 343.4 ح س . م 2 ed - 1984 1006908 | ||
| 100 | 0 |
_aحسن عبد الباقي مغيب. _eمعد. |
|
| 245 | 1 | 2 |
_aالموسوعة في القوانين الجنائية الخاصة وفقا لآخر التعديلات : _bمع أحدث ما أصدرته محكمة النقض بشأنها من مبادئ / _cإعداد حسن عبد الباقي مغيب. |
| 250 | _aالطبعة الثانية، | ||
| 264 | 1 |
_aالقاهرة : _bالمكتبة القانونية، _c1984. |
|
| 300 |
_a448 صفحة ؛ _c24 سم. _bإيضاحيات، صور، مثيليات ؛ |
||
| 336 |
_2rda content _atext |
||
| 337 |
_2rda media _aComputer |
||
| 338 |
_2rda carrier _aOnline Resource |
||
| 504 | _aيشتمل على ارجاعات ببليوجرافية. | ||
| 546 | _aالنص باللغة العربية | ||
| 650 | 1 |
_aالتشريعات الجنائية الخاصة. _2qrmak |
|
| 651 | 1 | _2qrmak | |
| 856 | 4 | 0 | _uhttps://fll.law.cu.edu.eg/fulltext/bks/B10-06908.pdf |
| 905 | _a18 | ||
| 942 |
_2ddc _n0 _cBK _e21 |
||
| 999 |
_c45651 _d45651 |
||